| 000 -LEADER |
| fixed length control field |
00740cam a22002417a 4500 |
| 001 - CONTROL NUMBER |
| control field |
16831694 |
| 005 - DATE AND TIME OF LATEST TRANSACTION |
| control field |
20180307044545.0 |
| 008 - FIXED-LENGTH DATA ELEMENTS--GENERAL INFORMATION |
| fixed length control field |
110617r20122006maua f 001 0 eng |
| 010 ## - LIBRARY OF CONGRESS CONTROL NUMBER |
| LC control number |
2011377510 |
| 020 ## - INTERNATIONAL STANDARD BOOK NUMBER |
| International Standard Book Number |
9780321750013 (student ed.) |
| 020 ## - INTERNATIONAL STANDARD BOOK NUMBER |
| International Standard Book Number |
0321750012 (student ed.) |
| 040 ## - CATALOGING SOURCE |
| Original cataloging agency |
DLC |
| Transcribing agency |
DLC |
| Modifying agency |
DLC |
| 041 ## - LANGUAGE CODE |
| Language code of text/sound track or separate title |
eng |
| 042 ## - AUTHENTICATION CODE |
| Authentication code |
pcc |
| 080 ## - UNIVERSAL DECIMAL CLASSIFICATION NUMBER |
| Universal Decimal Classification number |
615 MAR |
| 100 1# - Rafti |
| Rafti |
6 |
| 101 ## - Shkurtesa |
| Shkurtesa |
ANA |
| 245 10 - TITLE STATEMENT |
| Title |
Essentials of human anatomy & physiology laboratory manual / |
| Statement of responsibility, etc |
Elaine N. Marieb. |
| 246 3# - VARYING FORM OF TITLE |
| Title proper/short title |
Essentials of human anatomy and physiology laboratory manual |
| 906 ## - LOCAL DATA ELEMENT F, LDF (RLIN) |
| a |
7 |
| b |
cbc |
| c |
origcop |
| d |
3 |
| e |
ncip |
| f |
20 |
| g |
y-gencatlg |
| 942 ## - ADDED ENTRY ELEMENTS (KOHA) |
| Source of classification or shelving scheme |
|
| Item type |
Books |